First course in education (Record no. 2049)

MARC details
000 -LEADER
fixed length control field 00478cam a2200193ua 4500
001 - CONTROL NUMBER
control field 2183
005 - DATE AND TIME OF LATEST TRANSACTION
control field 20260515113445.0
008 - FIXED-LENGTH DATA ELEMENTS--GENERAL INFORMATION
fixed length control field 110804n ii |||gr||||Z||||||eng
040 ## - CATALOGING SOURCE
Transcribing agency MAIN
082 ## - DEWEY DECIMAL CLASSIFICATION NUMBER
Classification number 370
100 ## - MAIN ENTRY--PERSONAL NAME
Personal name Bhatia, K. K.,
Relator term Author.
245 1# - TITLE STATEMENT
Title First course in education
Statement of responsibility, etc. by K. K. Bhatia
250 ## - EDITION STATEMENT
Edition statement 1st.
260 ## - PUBLICATION, DISTRIBUTION, ETC.
Place of publication, distribution, etc. Ludhiana:
Name of publisher, distributor, etc. Kalyani Publishers,995.
300 ## - PHYSICAL DESCRIPTION
Extent 268p:
Dimensions 23cm.
653 ## - INDEX TERM--UNCONTROLLED
Uncontrolled term Education
653 ## - INDEX TERM--UNCONTROLLED
Uncontrolled term First course in education
942 ## - ADDED ENTRY ELEMENTS (KOHA)
Koha item type Books
Holdings
Withdrawn status Lost status Damaged status Not for loan Home library Current library Shelving location Date acquired Total checkouts Full call number Barcode Date last seen Copy number Price effective from Koha item type
        Naharkatiya College Library Naharkatiya College Library General stacks 09/19/2020   370 | BHA 11406 09/19/2020 2 09/19/2020 Books
        Naharkatiya College Library Naharkatiya College Library General stacks 09/19/2020   370 | BHA 11407 09/19/2020 1 09/19/2020 Books